Quiz o województwie wielkopolskim - Statystyki

Ogólne statystyki
  • Ten quiz został rozwiązany 74 razy
  • Średni wynik to 4 z 7
Statystyki odpowiedzi
Hint Odpowiedź % Poprawnych
Stolica Poznań
100%
Klub piłkarski grający w Ekstraklasie Lech Poznań
92%
Autostrada A2
86%
3 największe miasto Konin
83%
Park narodowy Wielkopolski Park Narodowy
54%
Największe jezioro Jezioro Powidzkie
12%
Wojewoda Michał Zieliński
11%
Nie znaleziono quizów pasujących do podanych kryteriów
Rozkład punktacji
Procent ludzi z każdym wynikiem
Percentyl według liczby udzielonych odpowiedzi
Twoja historia wyników
Nie rozwiązałeś tego quizu